000 00823nam a2200205 a 4500
001 55390
005 20180714050655.0
008 140415s1997 sp 000 0 spa d
020 _a8431315202
041 _aspa
082 _a121.2
_bPOL
100 1 _aPolo, Leonardo,.
245 1 3 _aEL SER :
_bLA EXISTENCIA EXTRAMENTAL
250 _a2a ed.
260 _aESPAÑA :
_bUNIVERSIDAD DE NAVARRA,
_c1997
300 _a338
_c14.5 x 1.7 x 21.3
490 _aEDUCATIONAL RESEARCH AND INNOVATION
520 _aEL PRESENTE LIBRO SE PUBLICO POR PRIMERA VEZ EN 1965, ESTA SEGUNDA EDICION CONSERVA EL CONTENIDO DE LA PRIMERA CASI INALTERADO PORQUE SUA AUTOR SIGUE MENTENIENDO EL PROPOSITO AL QUE EL LIBRO OBEDECE.
650 1 4 _aEXISTENCIALISMO
_xTEORIA DEL CONOCIMIENTO IDEA (FILOSOFIA)
_xFILOSOFIA DE LA COGNICION
999 _c55390
_d55390